00889cam a2200229Ka 450000500170000000800410001702000150005802000180007303500200009104000500011104100080016110000190016924501020018826000790029030000380036949000430040750400530045065000390050365000380054265000380058065100410061820150521103559.0150521s1995 xxua frb 001 0 eng d a069103785X a9780691037851 a(OCoLC)40875175 aCO-BoUCMbspacJose A. GerenadJose A. Gerena0 aeng1 aSkocpol, Theda10aSocial policy in the United Statesbfuture possibilities in historical perspectivecTheda Skocpol aPrinceton (Nueva Jersey, Estados Unidos)bPrinceton University pressc1995 avii, 326 páginasbilustraciones1 aPrinceton studies in American politics aIncluye referencias bibliográficas e índices 7aPolítica social zEstados Unidos 7aBienestar social zEstados Unidos 7aSeguridad social zEstados Unidos 4aEstados UnidosxCondiciones sociales